[Event "BIH-chT1A 28th"]
[Site "Mostar"]
[Date "2021.08.11"]
[Round "9.4"]
[White "Zacinovic, Alija"]
[Black "Ramic, Mirnes"]
[Result "0-1"]
[WhiteElo "2138"]
[BlackElo "2070"]
[PlyCount "118"]
[EventDate "2021.08.06"]
[EventType "team-tourn"]
[EventRounds "9"]
[EventCountry "BIH"]
[SourceTitle "CBM 203 Extra"]
[Source "ChessBase"]
[SourceDate "2021.09.30"]
[SourceVersion "1"]
[SourceVersionDate "2021.09.30"]
[SourceQuality "1"]
[WhiteTeam "Konjic Igman"]
[BlackTeam "Zivinice"]
[WhiteTeamCountry "BIH"]
[BlackTeamCountry "BIH"]

1. c4 Nf6 2. d4 d6 3. Nc3 g6 4. e4 Bg7 5. Be2 0-0 6. Nf3 c6 7. h3 e5 8. dxe5 dxe5 9. Be3 Qe7 10. Qc2 Nbd7 11. 0-0 Nh5 12. Rfd1 Nf4 13. Bf1 Nc5 14. b4 Nce6 15. g3 Nh5 16. Bg2 Qxb4 17. Ne2 Qe7 18. c5 h6 19. Rab1 Rd8 20. Rxd8+ Qxd8 21. Rd1 Qe7 22. a4 Bd7 23. Qd2 Be8 24. Qa5 Qc7 25. Qb4 Rd8 26. Rb1 Rd7 27. h4 Qd8 28. Qb3 Qe7 29. Bh3 Rc7 30. Bxe6 Qxe6 31. Qxe6 fxe6 32. Nc1 Nf6 33. Nxe5 Nxe4 34. Nc4 Nc3 35. Rb3 Nxa4 36. Nd6 Kf8 37. Ne2 b5 38. cxb6 axb6 39. Bxb6 Nxb6 40. Rxb6 Ke7 41. Nxe8 Kxe8 42. Kf1 Be5 43. Nc1 Ke7 44. Nd3 Bd4 45. Ra6 e5 46. Ke2 Kd6 47. Kf3 Kd5 48. Nb4+ Kc5 49. Nd3+ Kb5 50. Ra2 c5 51. Ke4 c4 52. Nf4 exf4 53. Kxd4 c3 54. Kd3 Kb4 55. Kc2 Re7 56. Ra6 Re2+ 57. Kd1 f3 58. Rxg6 Rxf2 59. Rf6 Rg2 0-1

[Event "BIH-chT1A 28th"]
[Site "Mostar"]
[Date "2021.08.08"]
[Round "4.2"]
[White "Zacinovic, Alija"]
[Black "Huremovic, Fadil"]
[Result "1-0"]
[WhiteElo "2138"]
[BlackElo "1670"]
[PlyCount "37"]
[EventDate "2021.08.06"]
[EventType "team-tourn"]
[EventRounds "9"]
[EventCountry "BIH"]
[SourceTitle "CBM 203 Extra"]
[Source "ChessBase"]
[SourceDate "2021.09.30"]
[SourceVersion "1"]
[SourceVersionDate "2021.09.30"]
[SourceQuality "1"]
[WhiteTeam "Konjic Igman"]
[BlackTeam "Tesanj"]
[WhiteTeamCountry "BIH"]
[BlackTeamCountry "BIH"]

1. e4 c5 2. Nf3 Nc6 3. d4 cxd4 4. Nxd4 a6 5. Nc3 g6 6. Be3 Bg7 7. Qd2 Nf6 8. Be2 0-0 9. 0-0-0 Qa5 10. Nb3 Qd8 11. Bh6 d6 12. h4 Ne5 13. h5 Bg4 14. f3 Be6 15. Bxg7 Kxg7 16. Nd4 Bc4 17. hxg6 Bxe2 18. Nf5+ Kg8 19. Qh6 1-0

[Event "BIH-chTA 27th"]
[Site "Lukavac"]
[Date "2020.11.04"]
[Round "9.2"]
[White "Sestic, Vedad"]
[Black "Zacinovic, Alija"]
[Result "0-1"]
[WhiteElo "1885"]
[BlackElo "2143"]
[PlyCount "106"]
[EventDate "2020.10.30"]
[EventType "team-tourn"]
[EventRounds "9"]
[EventCountry "BIH"]
[SourceTitle "CBM 199 Extra"]
[Source "ChessBase"]
[SourceDate "2021.01.31"]
[SourceVersion "1"]
[SourceVersionDate "2021.01.31"]
[SourceQuality "1"]
[WhiteTeam "Zenica Celik"]
[BlackTeam "Konjic Igman"]
[WhiteTeamCountry "BIH"]
[BlackTeamCountry "BIH"]

1. d4 Nf6 2. c4 c5 3. e3 e6 4. Nf3 b6 5. Be2 Bb7 6. 0-0 Qc7 7. Nc3 a6 8. b3 cxd4 9. exd4 d5 10. Bb2 dxc4 11. bxc4 Nbd7 12. h3 Be7 13. Rc1 0-0 14. Qb3 Rfb8 15. Rfd1 Qf4 16. Ba3 Bf8 17. Rc2 Qf5 18. Nh4 Qg5 19. Nf3 Qf5 20. Nh4 Qg5 21. Nf3 Qa5 22. Bc1 e5 23. Nxe5 Nxe5 24. dxe5 Qxe5 25. Nd5 Bxd5 26. cxd5 Bd6 27. g3 Qf5 28. Bf1 h5 29. Rc4 b5 30. Rc3 h4 31. Rf3 Qh5 32. Rd4 hxg3 33. fxg3 Bc5 34. Bb2 Rd8 35. Kh1 Bxd4 36. Bxd4 Rxd5 37. Bxf6 gxf6 38. Rxf6 Rad8 39. Rf4 Rd1 40. Kg1 R8d3 41. Qxd3 Rxd3 42. Bxd3 Qd5 43. Bb1 Qd1+ 44. Rf1 Qd2 45. h4 Qe2 46. Bf5 Qxa2 47. Rf2 Qd5 48. g4 b4 49. g5 b3 50. g6 fxg6 51. Bxg6 a5 52. h5 a4 53. h6 Qc5 0-1

[Event "BIH-chT1"]
[Site "Bosanska Krupa"]
[Date "2018.08.29"]
[Round "7"]
[White "Rahmanovic, Mesan"]
[Black "Zacinovic, Alija"]
[Result "0-1"]
[WhiteElo "1925"]
[BlackElo "2171"]
[PlyCount "82"]
[EventDate "2018.08.25"]
[EventType "tourn"]
[EventRounds "9"]
[EventCountry "BIH"]
[SourceTitle "CBM 186 Extra"]
[Source "ChessBase"]
[SourceDate "2018.08.24"]
[SourceVersion "1"]
[SourceVersionDate "2018.08.24"]
[SourceQuality "1"]

1. e4 g6 2. d4 Bg7 3. c3 c5 4. Nf3 b6 5. Bd3 Qc7 6. Na3 a6 7. Be3 Bb7 8. Qe2 d6 9. h3 Nd7 10. Ng5 Ngf6 11. d5 b5 12. c4 0-0 13. 0-0 Ne5 14. f4 Nxd3 15. Qxd3 h6 16. Nf3 e6 17. Rae1 bxc4 18. Nxc4 exd5 19. exd5 Bxd5 20. b3 Rad8 21. Bd2 Bxf3 22. Rxf3 d5 23. Ba5 dxc4 24. Qxd8 Qxd8 25. Bxd8 Rxd8 26. bxc4 Rd6 27. Re7 Nd7 28. f5 g5 29. Re8+ Kh7 30. Kf1 Bd4 31. Ra3 Ne5 32. Ra4 Rb6 33. Ra8 Rb2 34. R4xa6 Nd3 35. g3 Rf2+ 36. Kg1 Rxf5+ 37. Kh1 Rf1+ 38. Kg2 Rf2+ 39. Kg1 Ne1 40. Ra3 Rf3+ 41. Kh1 Rf1+ 0-1

[Event "BIH-chT1"]
[Site "Bosanska Krupa"]
[Date "2018.08.29"]
[Round "8"]
[White "Zacinovic, Alija"]
[Black "Redzepi, Mehmedalija"]
[Result "1-0"]
[WhiteElo "2171"]
[BlackElo "1883"]
[PlyCount "41"]
[EventDate "2018.08.25"]
[EventType "tourn"]
[EventRounds "9"]
[EventCountry "BIH"]
[SourceTitle "CBM 186 Extra"]
[Source "ChessBase"]
[SourceDate "2018.08.24"]
[SourceVersion "1"]
[SourceVersionDate "2018.08.24"]
[SourceQuality "1"]

1. e4 e6 2. d4 d5 3. Nc3 Nf6 4. Bg5 Be7 5. e5 Nfd7 6. h4 h6 7. Bxe7 Qxe7 8. Qg4 f5 9. Qg3 a6 10. 0-0-0 Rg8 11. Be2 g6 12. Nh3 Nc6 13. Nf4 Qf7 14. Ncxd5 Kd8 15. Nc3 g5 16. Bh5 Qe7 17. hxg5 hxg5 18. d5 exd5 19. e6 Nf6 20. Nfxd5 Nxh5 21. Nxe7+ 1-0

[Event "BIH-chT1"]
[Site "Bosanska Krupa"]
[Date "2018.08.28"]
[Round "6"]
[White "Zacinovic, Alija"]
[Black "Sinanovic, Ermin"]
[Result "1/2-1/2"]
[WhiteElo "2171"]
[BlackElo "2155"]
[PlyCount "65"]
[EventDate "2018.08.25"]
[EventType "tourn"]
[EventRounds "9"]
[EventCountry "BIH"]
[SourceTitle "CBM 186 Extra"]
[Source "ChessBase"]
[SourceDate "2018.08.24"]
[SourceVersion "1"]
[SourceVersionDate "2018.08.24"]
[SourceQuality "1"]

1. e4 c5 2. Nf3 d6 3. d4 cxd4 4. Nxd4 Nf6 5. Nc3 a6 6. Bg5 e6 7. Be2 Be7 8. 0-0 0-0 9. f4 Nc6 10. Kh1 h6 11. Bh4 Bd7 12. Nb3 Nxe4 13. Nxe4 Bxh4 14. Nxd6 b6 15. Qd2 Qc7 16. Rad1 Rfd8 17. Nc4 Ne7 18. Qe3 Nd5 19. Qc1 Bb5 20. Rd4 f5 21. a4 Bxa4 22. Ne5 Be8 23. Rc4 Qd6 24. Rd4 b5 25. Bf3 Bf6 26. Bxd5 exd5 27. Qe3 Rac8 28. c3 Rc7 29. Re1 Re7 30. Rd2 Bd7 31. Nd4 Rde8 32. Ndf3 g5 33. Rde2 1/2-1/2

[Event "BIH-chT 16th"]
[Site "Sarajevo"]
[Date "2017.08.30"]
[Round "8.1"]
[White "Zacinovic, Alija"]
[Black "Mitrovic, Jovica"]
[Result "1-0"]
[WhiteElo "2215"]
[BlackElo "2177"]
[PlyCount "77"]
[EventDate "2017.08.24"]
[EventType "team-tourn"]
[EventRounds "9"]
[EventCountry "BIH"]
[SourceTitle "CBM 180 Extra"]
[Source "ChessBase"]
[SourceDate "2017.10.06"]
[SourceVersion "1"]
[SourceVersionDate "2017.10.06"]
[SourceQuality "1"]
[WhiteTeam "Konjic"]
[BlackTeam "Bratunac"]
[WhiteTeamCountry "BIH"]
[BlackTeamCountry "BIH"]

1. e4 e5 2. Nf3 Nc6 3. Bb5 a6 4. Ba4 Nf6 5. 0-0 Be7 6. Re1 b5 7. Bb3 d6 8. c3 0-0 9. h3 Na5 10. Bc2 c5 11. d4 Qc7 12. d5 Nc4 13. b3 Nb6 14. Nbd2 c4 15. Ba3 cxb3 16. axb3 Qxc3 17. Rc1 Qc7 18. Bd3 Qd8 19. Nf1 Nfd7 20. Ne3 g6 21. Nc2 Bb7 22. Nb4 Nc5 23. Nc6 Bxc6 24. dxc6 f6 25. Bf1 Rc8 26. Bb4 Rxc6 27. Ba5 Qe8 28. Qc2 Qb8 29. b4 Rfc8 30. Qa2+ Kf8 31. bxc5 dxc5 32. Bd2 Na4 33. Bh6+ Ke8 34. Qg8+ Kd7 35. Qxh7 Rg8 36. Red1+ Ke6 37. h4 Bd6 38. g3 Rc7 39. Bh3+ 1-0

[Event "BIH-chT 15th"]
[Site "Bihac"]
[Date "2016.07.19"]
[Round "4.1"]
[White "Zacinovic, Alija"]
[Black "Marjanovic, Dejan"]
[Result "1/2-1/2"]
[WhiteElo "2213"]
[BlackElo "2392"]
[PlyCount "63"]
[EventDate "2016.07.16"]
[EventType "team-tourn"]
[EventRounds "9"]
[EventCountry "BIH"]
[SourceTitle "CBM 173 Extra"]
[Source "ChessBase"]
[SourceDate "2016.08.29"]
[SourceVersion "1"]
[SourceVersionDate "2016.08.29"]
[SourceQuality "1"]
[WhiteTeam "Konjic"]
[BlackTeam "Sarajevo Bosna"]
[WhiteTeamCountry "BIH"]
[BlackTeamCountry "BIH"]

1. e4 c5 2. Nf3 Nc6 3. d4 cxd4 4. Nxd4 Nf6 5. Nc3 d6 6. Be2 e5 7. Nb3 Be7 8. 0-0 0-0 9. f4 a5 10. Be3 a4 11. Nd2 a3 12. Rb1 axb2 13. Rxb2 exf4 14. Bb6 Qd7 15. Nc4 Ne5 16. Bd4 Nxc4 17. Bxc4 Qc7 18. Bd5 Nd7 19. Rxf4 Bf6 20. Nb5 Qb8 21. c3 Ne5 22. Rxf6 gxf6 23. Qe1 Be6 24. Qg3+ Kh8 25. Qf4 Qd8 26. Nxd6 Bxd5 27. Bxe5 fxe5 28. Qxe5+ f6 29. Qxd5 Qa5 30. Rxb7 Qxc3 31. Rxh7+ Kxh7 32. Qh5+ 1/2-1/2

[Event "BIH-chT 15th"]
[Site "Bihac"]
[Date "2016.07.18"]
[Round "3.5"]
[White "Zacinovic, Alija"]
[Black "Hajvaz, Dzemal"]
[Result "1-0"]
[WhiteElo "2213"]
[BlackElo "2035"]
[PlyCount "43"]
[EventDate "2016.07.16"]
[EventType "team-tourn"]
[EventRounds "9"]
[EventCountry "BIH"]
[SourceTitle "CBM 173 Extra"]
[Source "ChessBase"]
[SourceDate "2016.08.29"]
[SourceVersion "1"]
[SourceVersionDate "2016.08.29"]
[SourceQuality "1"]
[WhiteTeam "Konjic"]
[BlackTeam "Gorazde"]
[WhiteTeamCountry "BIH"]
[BlackTeamCountry "BIH"]

1. e4 c5 2. Nf3 Nc6 3. d4 cxd4 4. Nxd4 e6 5. Nc3 a6 6. Be3 Bb4 7. Nxc6 bxc6 8. Qd4 Bxc3+ 9. Qxc3 Nf6 10. 0-0-0 0-0 11. f3 Ne8 12. Qxc6 dxc6 13. Rxd8 Nc7 14. Rxf8+ Kxf8 15. Bb6 Ne8 16. e5 f6 17. f4 Rb8 18. Bc5+ Kf7 19. Bc4 g5 20. Rf1 g4 21. f5 fxe5 22. fxe6+ 1-0

[Event "BIH-chT 15th"]
[Site "Bihac"]
[Date "2016.07.16"]
[Round "1.4"]
[White "Zacinovic, Alija"]
[Black "Bratic, Ismar"]
[Result "0-1"]
[WhiteElo "2213"]
[BlackElo "2179"]
[PlyCount "53"]
[EventDate "2016.07.16"]
[EventType "team-tourn"]
[EventRounds "9"]
[EventCountry "BIH"]
[SourceTitle "CBM 173 Extra"]
[Source "ChessBase"]
[SourceDate "2016.08.29"]
[SourceVersion "1"]
[SourceVersionDate "2016.08.29"]
[SourceQuality "1"]
[WhiteTeam "Konjic"]
[BlackTeam "Kiseljak"]
[WhiteTeamCountry "BIH"]
[BlackTeamCountry "BIH"]

1. e4 d6 2. d4 Nf6 3. Nc3 g6 4. Bg5 Bg7 5. f4 c6 6. Qd3 Qa5 7. 0-0-0 b5 8. Kb1 b4 9. Nce2 0-0 10. Nf3 d5 11. e5 Ne4 12. Qe3 f6 13. Bh4 Bh6 14. Nd2 Nxd2+ 15. Qxd2 Qb6 16. Qe1 a5 17. Bf2 a4 18. Nc1 Na6 19. Be3 Nc7 20. Bd3 Bg4 21. Qh4 b3 22. Qxg4 bxa2+ 23. Nxa2 fxe5 24. c3 exf4 25. Bc1 c5 26. dxc5 Qxc5 27. Rhe1 0-1

[Event "BIH-chT1A 22nd"]
[Site "Tuzla"]
[Date "2015.10.18"]
[Round "4.2"]
[White "Obad, Andrija"]
[Black "Zacinovic, Alija"]
[Result "1-0"]
[WhiteElo "2201"]
[BlackElo "2226"]
[PlyCount "31"]
[EventDate "2015.10.16"]
[EventType "tourn"]
[EventRounds "9"]
[EventCountry "BIH"]
[SourceTitle "CBM 169 Extra"]
[Source "ChessBase"]
[SourceDate "2015.12.18"]
[SourceVersion "1"]
[SourceVersionDate "2015.12.18"]
[SourceQuality "1"]

1. e4 Nc6 2. Nf3 e5 3. Bc4 Be7 4. d4 d6 5. h3 Nf6 6. Nc3 0-0 7. 0-0 Nxe4 8. Nxe4 d5 9. Bxd5 Qxd5 10. Nc3 Qc4 11. d5 e4 12. Nd2 Qd4 13. dxc6 f5 14. Nb3 Qxd1 15. Rxd1 bxc6 16. Bf4 1-0

[Event "BIH-chT1A 22nd"]
[Site "Tuzla"]
[Date "2015.10.16"]
[Round "1.5"]
[White "Abdic, Adnan"]
[Black "Zacinovic, Alija"]
[Result "0-1"]
[WhiteElo "2170"]
[BlackElo "2226"]
[PlyCount "80"]
[EventDate "2015.10.16"]
[EventType "tourn"]
[EventRounds "9"]
[EventCountry "BIH"]
[SourceTitle "CBM 169 Extra"]
[Source "ChessBase"]
[SourceDate "2015.12.18"]
[SourceVersion "1"]
[SourceVersionDate "2015.12.18"]
[SourceQuality "1"]

1. e4 Nc6 2. Nf3 f5 3. Bc4 fxe4 4. Bxg8 exf3 5. Bd5 fxg2 6. Bxg2 e6 7. d4 Qh4 8. Be3 Bd6 9. h3 Ne7 10. Qg4 Nf5 11. Qxh4 Nxh4 12. Be4 0-0 13. Nd2 Bf4 14. Ke2 d5 15. Bd3 c5 16. c3 b6 17. Rhg1 e5 18. dxe5 Bf5 19. Bxf4 Bxd3+ 20. Kxd3 Rxf4 21. Rg4 Rxg4 22. hxg4 Ng6 23. Re1 Rf8 24. e6 Re8 25. Kc2 Nf4 26. e7 Ng6 27. b4 c4 28. Nf3 Rxe7 29. Rxe7 Nxe7 30. Ne5 g6 31. g5 Kg7 32. Kd2 h6 33. gxh6+ Kxh6 34. Ke3 Kg5 35. a4 Kf5 36. Nf3 g5 37. Nd4+ Ke5 38. Nf3+ Kf6 39. Kd4 g4 40. Ne5 Ke6 0-1

[Event "Bihac-chT1"]
[Site "Bihac"]
[Date "2014.08.26"]
[Round "6"]
[White "Zacinovic, Alija"]
[Black "Redzepi, Mehmedalija"]
[Result "1-0"]
[WhiteElo "2206"]
[BlackElo "1889"]
[PlyCount "53"]
[EventDate "2014.08.23"]
[EventType "swiss"]
[EventRounds "9"]
[EventCountry "BIH"]
[SourceTitle "EXT 2015"]
[Source "ChessBase"]
[SourceDate "2014.11.20"]
[SourceVersion "1"]
[SourceVersionDate "2014.11.20"]
[SourceQuality "1"]

1. e4 e6 2. d4 d5 3. Nc3 dxe4 4. Nxe4 Nf6 5. Nxf6+ Qxf6 6. Nf3 h6 7. Be3 Bd6 8. Qd2 Nc6 9. Be2 Bd7 10. 0-0 g5 11. c4 0-0-0 12. c5 Bf8 13. b4 g4 14. Ne1 h5 15. b5 Ne7 16. Qa5 Kb8 17. Nd3 Bh6 18. Ne5 Bc8 19. Rab1 b6 20. Qa4 Bb7 21. Rb3 bxc5 22. Nc6+ Kc8 23. Nxd8 Kxd8 24. Qxa7 Bd5 25. b6 Bxb3 26. Qxc7+ Ke8 27. Qb8+ 1-0

[Event "BIH-chT1B"]
[Site "Neum"]
[Date "2012.08.31"]
[Round "9.3"]
[White "Zacinovic, Alija"]
[Black "Patkovic, Vahdet"]
[Result "1/2-1/2"]
[WhiteElo "2203"]
[BlackElo "2091"]
[PlyCount "20"]
[EventDate "2012.08.25"]
[EventType "team-tourn"]
[EventRounds "9"]
[EventCountry "BIH"]
[SourceTitle "CBM 150 Extra"]
[Source "ChessBase"]
[SourceDate "2012.10.19"]
[SourceVersion "1"]
[SourceVersionDate "2012.10.19"]
[SourceQuality "1"]

1. e4 e5 2. Nf3 d6 3. d4 exd4 4. Nxd4 Nf6 5. Nc3 Be7 6. Be2 0-0 7. Be3 a6 8. Qd2 c5 9. Nb3 Nc6 10. 0-0-0 Be6 1/2-1/2

[Event "BIH-chT1B"]
[Site "Neum"]
[Date "2012.08.30"]
[Round "8.1"]
[White "Simic, Marko"]
[Black "Zacinovic, Alija"]
[Result "0-1"]
[WhiteElo "1832"]
[BlackElo "2203"]
[PlyCount "74"]
[EventDate "2012.08.25"]
[EventType "team-tourn"]
[EventRounds "9"]
[EventCountry "BIH"]
[SourceTitle "CBM 150 Extra"]
[Source "ChessBase"]
[SourceDate "2012.10.19"]
[SourceVersion "1"]
[SourceVersionDate "2012.10.19"]
[SourceQuality "1"]

1. e4 Nc6 2. Nf3 e5 3. Bb5 a6 4. Bxc6 dxc6 5. 0-0 Bg4 6. Re1 Qe7 7. d3 0-0-0 8. Nbd2 f6 9. h3 Be6 10. Nf1 Qf7 11. Qe2 g5 12. c3 h5 13. Ng3 g4 14. hxg4 hxg4 15. Nh2 Rh4 16. Be3 Qh7 17. Nhf1 Bd6 18. c4 Nh6 19. c5 Be7 20. b4 Rh8 21. f3 gxf3 22. gxf3 Nf7 23. Rec1 f5 24. exf5 Rh1+ 25. Kf2 Bh4 26. Ke1 Bxg3+ 27. Kd2 Rxf1 28. Rxf1 Qxf5 29. Rh1 Rd8 30. a4 Bf4 31. Ra3 e4 32. fxe4 Qg4 33. Rb1 Ne5 34. Bxf4 Qxf4+ 35. Kc2 Bf5 36. Rbb3 Nf3 37. Rb2 Nd4+ 0-1

[Event "BIH-chT1B"]
[Site "Neum"]
[Date "2012.08.29"]
[Round "7.4"]
[White "Zacinovic, Alija"]
[Black "Avdic, Adnan A"]
[Result "1/2-1/2"]
[WhiteElo "2203"]
[BlackElo "2095"]
[PlyCount "70"]
[EventDate "2012.08.25"]
[EventType "team-tourn"]
[EventRounds "9"]
[EventCountry "BIH"]
[SourceTitle "CBM 150 Extra"]
[Source "ChessBase"]
[SourceDate "2012.10.19"]
[SourceVersion "1"]
[SourceVersionDate "2012.10.19"]
[SourceQuality "1"]

1. e4 Nf6 2. e5 Nd5 3. c4 Nb6 4. c5 Nd5 5. Nc3 e6 6. Bc4 Nxc3 7. dxc3 Nc6 8. Bf4 Bxc5 9. Qg4 Bf8 10. 0-0-0 Qe7 11. Nf3 b6 12. Rhe1 h6 13. Qh3 Bb7 14. Bg5 Qc5 15. Bb3 Be7 16. Be3 Qa5 17. Ng5 Qxe5 18. Nxf7 Kxf7 19. f4 Qf6 20. f5 Ke8 21. g4 e5 22. g5 Qf8 23. f6 Bd6 24. fxg7 Qxg7 25. gxh6 Qh7 26. Bc2 Qf7 27. Bg5 Ba6 28. h7 Ne7 29. Qh6 Nf5 30. Qf6 Qxf6 31. Bxf6 Rxh7 32. Bxf5 Rxh2 33. Bg6+ Kf8 34. Rh1 Rxh1 35. Rxh1 Bc4 1/2-1/2

[Event "BIH-chT1B"]
[Site "Neum"]
[Date "2012.08.28"]
[Round "5.4"]
[White "Marjanovic, Dejan"]
[Black "Zacinovic, Alija"]
[Result "1-0"]
[WhiteElo "2177"]
[BlackElo "2203"]
[PlyCount "67"]
[EventDate "2012.08.25"]
[EventType "team-tourn"]
[EventRounds "9"]
[EventCountry "BIH"]
[SourceTitle "CBM 150 Extra"]
[Source "ChessBase"]
[SourceDate "2012.10.19"]
[SourceVersion "1"]
[SourceVersionDate "2012.10.19"]
[SourceQuality "1"]

1. e4 Nc6 2. Nf3 e5 3. Nc3 Bc5 4. Nxe5 Bxf2+ 5. Kxf2 Nxe5 6. d4 Ng6 7. Bc4 Qf6+ 8. Kg1 d6 9. Be3 Be6 10. Qe2 c6 11. Rf1 Qe7 12. d5 Bd7 13. dxc6 bxc6 14. Rxf7 Qxf7 15. Bxf7+ Kxf7 16. h3 Nf6 17. Kh2 Rhe8 18. Rd1 Re6 19. Qa6 Rae8 20. Qxa7 Kg8 21. Bg5 Ne5 22. a4 Rf8 23. a5 c5 24. Qc7 Ne8 25. Qb6 Rf2 26. Bh4 Rf7 27. a6 Rg6 28. Bg3 Bxh3 29. Bxe5 Bxg2 30. Qd8 Rf8 31. Nd5 Rg4 32. Bxd6 Nxd6 33. Ne7+ Kf7 34. Qxd6 1-0

[Event "BIH-chT1B"]
[Site "Neum"]
[Date "2012.08.27"]
[Round "4.1"]
[White "Zacinovic, Alija"]
[Black "Salihovic, Amar"]
[Result "1-0"]
[WhiteElo "2203"]
[BlackElo "2172"]
[PlyCount "96"]
[EventDate "2012.08.25"]
[EventType "team-tourn"]
[EventRounds "9"]
[EventCountry "BIH"]
[SourceTitle "CBM 150 Extra"]
[Source "ChessBase"]
[SourceDate "2012.10.19"]
[SourceVersion "1"]
[SourceVersionDate "2012.10.19"]
[SourceQuality "1"]

1. e4 e6 2. d4 d5 3. Nc3 Nf6 4. Bg5 dxe4 5. Bxf6 gxf6 6. Nxe4 Be7 7. Bd3 f5 8. Ng3 c5 9. dxc5 Qa5+ 10. c3 Qxc5 11. Nf3 Nc6 12. 0-0 Bd7 13. b4 Qxc3 14. Rc1 Qxb4 15. Rb1 Qd6 16. Qe2 0-0 17. Rfd1 Qc7 18. Rbc1 Rae8 19. Qd2 f6 20. Bxf5 Bc8 21. Bd3 f5 22. Bc4 Kh8 23. Nh5 f4 24. Bxe6 Bf6 25. Bxc8 Rxc8 26. Nxf6 Rxf6 27. Qb2 Qg7 28. Rd7 Rf7 29. Rd2 Rg8 30. Qxg7+ Rfxg7 31. g3 Rf7 32. Kg2 fxg3 33. hxg3 Kg7 34. Re1 h6 35. Nh4 Rd8 36. Rb2 Rd3 37. Re4 Rd5 38. Rbe2 b5 39. Re8 h5 40. Rc8 Ne5 41. Re8 Nc6 42. g4 a5 43. Nf3 b4 44. Kh3 Nd4 45. R8e7 Rxe7 46. Rxe7+ Kf6 47. Ra7 Nc2 48. Kh4 Na3 1-0

[Event "BIH-chT1B"]
[Site "Neum"]
[Date "2012.08.26"]
[Round "2.2"]
[White "Zacinovic, Alija"]
[Black "Hamzagic, Abdel"]
[Result "1-0"]
[WhiteElo "2203"]
[BlackElo "2091"]
[PlyCount "87"]
[EventDate "2012.08.25"]
[EventType "team-tourn"]
[EventRounds "9"]
[EventCountry "BIH"]
[SourceTitle "CBM 150 Extra"]
[Source "ChessBase"]
[SourceDate "2012.10.19"]
[SourceVersion "1"]
[SourceVersionDate "2012.10.19"]
[SourceQuality "1"]

1. e4 c5 2. Nf3 d6 3. c3 Nf6 4. Qc2 Nc6 5. d4 cxd4 6. cxd4 a6 7. Nc3 Bg4 8. Be3 Rc8 9. Nd2 g6 10. h3 Bd7 11. d5 Nb8 12. Qb3 b5 13. Be2 Bg7 14. 0-0 0-0 15. a4 bxa4 16. Nxa4 Bb5 17. Bxb5 axb5 18. Nc3 Nbd7 19. Nxb5 Rb8 20. Qd3 Ne5 21. Qe2 Rb7 22. b3 Qb8 23. Nd4 Re8 24. f4 Ned7 25. Nc6 Qc8 26. Rfc1 Ra7 27. Rxa7 Kf8 28. Rc7 Qxc7 29. Rc4 Qb7 30. Rb4 Qa8 31. Ra4 Qc8 32. Qd3 e6 33. Nc4 exd5 34. exd5 Ne4 35. Nb6 Nxb6 36. Rxe4 Nd7 37. b4 Nf6 38. Rxe8+ Qxe8 39. Bf2 Qc8 40. b5 Qb7 41. b6 Nd7 42. Qa3 Nxb6 43. Qxd6+ Ke8 44. Qd8# 1-0

[Event "BIH CFFBH-chT2"]
[Site "Cazin"]
[Date "2009.07.03"]
[Round "9"]
[White "Zacinovic, Alija"]
[Black "Goric, Esad"]
[Result "0-1"]
[WhiteElo "2207"]
[BlackElo "2386"]
[PlyCount "60"]
[EventDate "2009.06.27"]
[EventType "team-tourn"]
[EventRounds "9"]
[EventCountry "BIH"]
[SourceTitle "EXT 2019"]
[Source "ChessBase"]
[SourceDate "2018.10.10"]
[SourceVersion "1"]
[SourceVersionDate "2018.10.10"]
[SourceQuality "1"]

1. e4 d5 2. exd5 Qxd5 3. Nc3 Qd6 4. d4 a6 5. Nf3 Nf6 6. Bd3 b5 7. a4 bxa4 8. 0-0 Bb7 9. Ne5 e6 10. Bf4 Qd8 11. Rxa4 Be7 12. Qe2 0-0 13. Ng4 Nbd7 14. Be5 Bc6 15. Nxf6+ Bxf6 16. Rc4 Bb5 17. Nxb5 axb5 18. Rb4 Nxe5 19. dxe5 Be7 20. Rg4 g6 21. Rd1 Qb8 22. h4 Ra4 23. h5 Rxg4 24. Qxg4 Rd8 25. Re1 Kg7 26. Re3 Rg8 27. Rf3 g5 28. h6+ Kf8 29. Qh5 Qb6 30. Rh3 Rg6 0-1

[Event "BIH-chT2"]
[Site "Neum"]
[Date "2008.08.26"]
[Round "5.4"]
[White "Zacinovic, Alija"]
[Black "Tarakcija, Hazim"]
[Result "1-0"]
[WhiteElo "2182"]
[BlackElo "2188"]
[PlyCount "53"]
[EventDate "2008.08.23"]
[EventType "team"]
[EventRounds "9"]
[EventCountry "BIH"]
[SourceTitle "CBM 126 Extra"]
[Source "ChessBase"]
[SourceDate "2008.11.05"]
[SourceVersion "1"]
[SourceVersionDate "2008.11.05"]
[SourceQuality "1"]

1. e4 c5 2. Nf3 e6 3. c3 Ne7 4. d4 cxd4 5. cxd4 d5 6. e5 Nbc6 7. Bd3 Nf5 8. Bxf5 exf5 9. 0-0 Be6 10. Nc3 Be7 11. Ne2 h6 12. Nf4 Qd7 13. Bd2 g5 14. Nxe6 fxe6 15. Bc3 0-0 16. Ne1 Rae8 17. a3 Kg7 18. Nd3 b6 19. Re1 Nd8 20. Rc1 Nb7 21. Qe2 Qb5 22. h4 Na5 23. Bb4 Bxb4 24. axb4 Nc6 25. hxg5 hxg5 26. Qh5 Qxd3 27. Qxg5+ 1-0